Ángel Rama y la construcción de una cultura latinoamericana /

Đã lưu trong:
Chi tiết về thư mục
Tác giả chính: Zanetti, Susana
Định dạng: Không biết
Ngôn ngữ:Spanish
Những chủ đề:
Các nhãn: Thêm thẻ
Không có thẻ, Là người đầu tiên thẻ bản ghi này!

MARC

LEADER 000000000a22000000004500
001 006664
041 0 |a spa 
100 1 |a Zanetti, Susana 
245 1 0 |a Ángel Rama y la construcción de una cultura latinoamericana /   |c Susana Zanetti. 
650 4 |a RAMA, ÁNGEL 
650 4 |a LITERATURA LATINOAMERICANA 
650 4 |a GENERACION CRÍTICA 
773 0 |d Estados Unidos : Instituto Interamericano de Literatura Latinoamericana  |t Revista Iberoamericana  |g volumen LVIII, número 160-161, páginas 919-932 
942 |c ARC 
999 |c 12946  |d 12946